MARC

LEADER 00000nam0a2200000 4500
001 286223
005 20231101235854.0
035 |a (RuTPU)RU\TPU\book\310518 
090 |a 286223 
100 |a 20150303d1978 k y0rusy50 ca 
101 0 |a rus 
102 |a RU 
105 |a a z 001zy 
200 1 |a Магнезиально-скарновые железорудные месторождения  |f Л. И. Шабынин 
210 |a Москва  |c Недра  |d 1978 
215 |a 232 с.  |c ил. 
320 |a Библиогр.: с. 222-227. 
320 |a Указатель месторождений: с. 228-230. 
606 1 |a Железорудные месторождения  |x Геология  |2 stltpush  |3 (RuTPU)RU\TPU\subj\10758  |9 37787 
610 1 |a магнезиально-скарновые месторождения 
610 1 |a геологическая характеристика 
610 1 |a магнетитовые руды 
610 1 |a магнетитовые месторождения 
610 1 |a фации 
610 1 |a гипабиссальные породы 
675 |a 553.31  |v 3 
700 1 |a Шабынин  |b Л. И.  |g Леонид Иванович 
801 1 |a RU  |b 63413507  |c 20150303 
801 2 |a RU  |b 63413507  |c 20150313  |g RCR 
942 |c BK